00927nam a22002537a 450000500170000001000130001702000110003003500130004103700160005404000120007008200150008210000260009724500840012325000120020726000480021927000560026730000250032350000220034865000690037065000600043994200240049999900190052395201310054220170124110245.0 aA-291669 c275.00 aA-291669 bCen Lib/Ret aDPLbEN a351.5bMAL aMalhotra, L.C.997090 aDismissal, discharge, termination of service, and punishment /cby L.C.Malhotra a8th ed. aAllahabadbThe University Book Agencyc1986 bAllahabada15-B, Elgin Road Post Box No.63e211 001 axiv,861p. c23cm(Hb) aIncludes index  aEmployees -- Dismissal of -- Law and legislation -- India997091 aEmployees -- Dismissal of -- Law and legislation914751 2ddccENh351.5mMAL c135445d135445 001040718REFaLbLd2015-10-06eCen Lib/Retg275.00l0o351.5 MALpA-291669r2015-10-06 00:00:00t1v275.00w2015-10-06yEN